|
|
|
|
| LEADER |
01529nam a2200409 a 4500 |
| 001 |
000719308 |
| 003 |
CZ BrMZK |
| 005 |
20040709132456.0 |
| 007 |
ta |
| 008 |
040602s2004 xr af e 000 m cze |
| 015 |
|
|
|a cnb001312926
|
| 020 |
|
|
|a 80-7341-187-3
|q (váz.) :
|c Kč 229,00
|
| 035 |
|
|
|a (OCoLC)85102836
|
| 040 |
|
|
|a BOA001
|b cze
|
| 041 |
1 |
|
|a cze
|h eng
|
| 043 |
|
|
|a s-pe---
|
| 072 |
|
7 |
|a 913(8)
|x Geografie Jižní Ameriky, reálie, cestování
|2 Konspekt
|9 7
|
| 080 |
|
|
|a 913(85)
|2 MRF
|
| 080 |
|
|
|a 113.4:2-382
|2 MRF
|
| 080 |
|
|
|a (0:82-4)
|2 MRF
|
| 100 |
1 |
|
|a Shah, Tahir,
|d 1966-
|7 xx0017238
|4 aut
|
| 245 |
1 |
0 |
|a Křídla nad džunglí :
|b kam zmizeli indiáni, kteří uměli létat? /
|c Tahir Shah ; přeložila Eva Poskočilová
|
| 250 |
|
|
|a 1. vyd. v českém jazyce.
|
| 260 |
|
|
|a Praha :
|b BB art,
|c 2004
|
| 300 |
|
|
|a 285 s., [16] s. barev. obr. příl. :
|b barev. il. ;
|c 22 cm
|
| 500 |
|
|
|a Terminologický slovník
|
| 500 |
|
|
|a Přeloženo z angličtiny
|
| 504 |
|
|
|a Obsahuje bibliografii a rejstřík
|
| 650 |
0 |
7 |
|a šamanismus
|7 ph127795
|2 czenas
|
| 650 |
0 |
7 |
|a Indiáni
|7 ph117020
|z Peru
|2 czenas
|
| 655 |
|
7 |
|a črty
|7 fd133977
|2 czenas
|
| 655 |
|
7 |
|a cestopisy
|7 fd131956
|2 czenas
|
| 765 |
0 |
|
|t Trail of feathers
|9 Česky
|
| 856 |
4 |
1 |
|u http://www.digitalniknihovna.cz/mzk/uuid/uuid:cb964550-0801-11e4-b1a4-005056827e52
|y Digitalizovaný dokument
|x NDK
|
| 910 |
|
|
|a BOA001
|b 2-1137.230
|
| 990 |
|
|
|a BK
|
| 996 |
6 |
|
|b 2610222010
|c 2-1137.230
|l MZK
|r Sklad / do 1 hodiny
|n 0
|p p.v.
|w 000719308
|u 000010
|a 1
|e BOA001
|j MZK50
|s P
|